000 00444ntaaa2200181 4500
003 01
005 20251027201912.0
008 0714s1973 ag 01
040 _aAR-BaBN
_bspa
_cAR-BaBN
_eaacr
_dRIC
082 _a244.1000 R24
100 _aRedman, D. Z.
_917568
245 _aAbecedario bíblico para niños
250 _a1 ed. :
_bCasa Bíblica,
_c1960
300 _a62 p.
650 _aNiños
700 _aHoff, I. G.
_917569
942 _cBK
999 _c13737
_d13737